000 00559nam a2200181 a 4500
008 120416s1969 ||||||||||||||||| || u
050 _aQL 47 Sti
100 _aBoolootian, Richard A
245 1 0 _aCollege zoology
250 _a8th ed.
260 _aNew York
_bMacmillan
_c1969
300 _a[vi], 596p. : ill.
350 _a0.00
650 _aZOOLOGY
650 _aTEXTBOOKS
700 _aStiles, Karl A
995 _D0.00
_FCBU-MAIN LIBRARY (Kitwe)
_H1
_I10.50
_M1
_UDAMAGED
_ZMain Library Open Access Collection
999 _c37708
_d37708